Gares des Hautes Pyrenées - Statistiques

Statistiques générales
  • Ce quiz a été pris 142 fois
    44 depuis la dernière actualisation
  • Le résultat moyen est 4 sur 6
Statistiques - réponses
Nombre de voyageurs Gares % Correct
709 416 Tarbes
100%
537 771 Lourdes
98%
136 318 Lannemezan
85%
34 085 Tournay
66%
7 019 Capvern
49%
134 Saint Pé de Bigorre
27%
Aucun quiz correspondant
Distribution des résultats
% des personnes avec chaque résultat
Percentile par nombre de réponses
Votre historique - résultats
Vous n’avez pas pris ce quiz depuis la dernière actualisation